2020 Democratic Candidates - Statistics

General Stats
  • This quiz has been taken 11 times
  • The average score is 16 of 36
Answer Stats
Picture Answer % Correct
Bernie Sanders
100%
Joe Biden
100%
Kamala Harris
100%
Elizabeth Warren
82%
Michael Bloomberg
82%
Pete Buttigieg
82%
Amy Klobuchar
73%
Andrew Yang
73%
Cory Booker
73%
Tulsi Gabbard
73%
Beto O'Rourke
64%
Bill de Blasio
64%
Kirsten Gillibrand
55%
Marianne Williamson
55%
Tom Steyer
55%
Julian Castro
45%
Deval Patrick
36%
Eric Swalwell
36%
John Hickenlooper
36%
Micheal Bennet
36%
Mike Gravel
36%
Tim Ryan
36%
Brian Moore
27%
John Delaney
27%
Richard Ojeda
27%
Seth Moulton
27%
Jay Inslee
18%
Joe Sestak
18%
Steve Bullock
18%
Ami Horowitz
9%
Wayne Messam
9%
Ben Gleib
0%
Henry Hewes
0%
Ken Nwandike Jr.
0%
Robby Wells
0%
Sam Sloan
0%
No matching quizzes found
Score Distribution
Percent of People with Each Score
Percentile by Number Answered
Your Score History
You have not taken this quiz